Ups and downs
-д хадгалсан:
| Үндсэн зохиолч: | |
|---|---|
| Формат: | Ном |
| Хэл сонгох: | англи |
| Хэвлэсэн: |
Londres
Walter Scott, 24 Warwick Lane
1888
|
| Хэвлэл: | 2a. ed |
| Цуврал: | Wilson's Tales of the borders, and of Scotland. Historical, traditionary, and imaginative, 22
|
| Нөхцлүүд: | |
| Шошгууд: |
Шошго нэмэх
Шошго байхгүй, Энэхүү баримтыг шошголох эхний хүн болох!
|
MARC
| LEADER | 00000nam a2200000 a 4500 | ||
|---|---|---|---|
| 001 | UCJ8010 | ||
| 003 | CL-VaPUC | ||
| 008 | 070124e18880000UK |||||||||||||||||eng|d | ||
| 082 | 0 | 4 | |a 823 |b WIL |2 21 |
| 100 | 0 | |a Wilson, John Mackay |e author |9 516587 | |
| 245 | 1 | 0 | |a Ups and downs |
| 246 | 1 | 0 | |a Lady Rae |
| 246 | 1 | 4 | |a The Diamond eyes |
| 246 | 1 | 0 | |a David Lorimer |
| 246 | 1 | 4 | |a The Amateurs robbery |
| 250 | |a 2a. ed | ||
| 300 | |a 284 p | ||
| 942 | |c BK | ||
| 945 | |d 20070124 00:00:00 |a rinostro | ||
| 260 | |a Londres |b Walter Scott, 24 Warwick Lane |c 1888 | ||
| 650 | 7 | |a NOVELA INGLESA |2 CL-VaPUC |9 309260 | |
| 583 | |a last modification |c 20070124 00:00:00 |k Rodrigo Vera | ||
| 490 | 0 | |a Wilson's Tales of the borders, and of Scotland. Historical, traditionary, and imaginative, 22 | |
| 999 | |c 323870 |d 323868 | ||
| 952 | |0 0 |1 0 |4 0 |6 823_000000000000000_WIL_1888 |7 0 |8 X |9 403691 |a FDOBUD |b FDOBUD |d 2019-11-22 |i 1071378 |o 823 WIL 1888 |p 1071378 |r 2019-11-22 |w 2019-11-22 |y BK_X |k BUD | ||